Responses for Show #7717 - Tuesday, March 13, 2018

Contestants

[<< previous game]

McKayle Bruce, an attorney from Washington, D.C.

Paris Themmen, an entrepreneur from North Hollywood, California

Zach Dark, an investment analyst from Hoover, Alabama (whose 1-day cash winnings total $29,000)

[next game >>]

Jeopardy! Round responses

"P" + 3
(Alex: Each correct response will be four letters long and will begin with a "P".)
CONSTELLATION NAMES
IT'S TRADEMARKED
LITERARY GEOGRAPHY
EASTER
BEN-HUR
    $200 3
a prop

McKayle
    $200 21
Little Horse

Zach
    $200 16
Seeing Eye dogs

Zach
    $200 7
Cuba

Triple Stumper
    $200 1
(Zach: What is Passover?)

Lent

ZachParis
    $200 26
a chariot

Zach
    $400 4
Pink

Zach
    $400 22
an arrow

McKayle
    $400 17
a GED

Zach
    $400 8
(Zach: Who is Wells?)

(Jules) Verne

ZachParis
    $400 12
Peeps

McKayle
    $400 27
galleys

Paris
    $600 2
a pump

McKayle
    $600 23
(Paris: What is southern?)

northern

ParisMcKayle
    $600 18
Realtors

Zach
    $600 11
Savannah

Zach
    $600 13
an Easter bonnet

McKayle
    $4,000 28
Tiberius

Paris
    $800 5
a pike

McKayle
    $800 24
a compass

Paris
    $800 19
a Breathalyzer

Zach
    $800 9
The Stranger

Paris
    $800 14
(Rutherford B.) Hayes

Zach
    $800 29
(Paris: Sorry, Nikki.)

one wife

Paris
    $1000 6
(Alex: And his name was Joseph [*].)

Papp

Triple Stumper
    $1000 25
a table

Paris
    $1000 20
Day-Glo

McKayle
    $1000 10
Antarctica

Paris
    $1000 15
lamb

McKayle
    $1000 30
General Lew Wallace

Triple Stumper

Scores at the first commercial break (after clue 15):

Zach Paris McKayle
$1,200 $2,400 $3,600

Scores at the end of the Jeopardy! Round:

Zach Paris McKayle
$3,600 $8,800 $5,600

Double Jeopardy! Round responses

HISTORIC WOMEN
ENTERTAINMENT 2017
THE HUMAN BODY
STRAIT AWAY
POLITICAL PHILOSOPHY
ACRONYMS MADE REDUNDANT
    $400 6
Evita Peron (or Eva Peron)

Zach
    $400 16
Tom Petty

McKayle
    $400 11
the esophagus

Zach
    $400 26
Gibraltar

McKayle
    $400 1
Machiavelli

Zach
    $400 21
personal identification number

Zach
    $800 7
(McKayle: Who is Florence Nightingale?)
(Paris: Who is Clara Barton?)

Molly Pitcher

ParisMcKayle
Triple Stumper
    $800 17
Blade Runner 2049

Triple Stumper
    $800 12
a ventricle

McKayle
    $800 27
Java

Paris
    $800 2
community

Zach
    $800 22
electromagnetic pulse

McKayle
    $1200 8
Mata Hari

Zach
    $1200 18
American Horror Story

McKayle
    $1200 13
cirrhosis

McKayle
    $1200 30
Prince Edward Island

Paris
    $1200 3
the French Revolution

Zach
    $1200 23
universal product code

Zach
    $1600 9
(Zach: What is Mother's Day?)

Thanksgiving Day

Zach
Triple Stumper
    $2,000 19
(McKayle: What is Hamilton?)

Groundhog Day

McKayle
    $1600 14
(Paris: What are white blood cells?)

platelets

ZachParis
    $5,000 29
(Paris: What is Hainan?)

Taiwan

Paris
    $1600 4
(Paris: What is part of the proletariat?)

a citizen

Paris
Triple Stumper
    $1600 24
liquid crystal display

Paris
    $2000 10
Teresa

McKayle
    $2000 20
"Bodak Yellow"

McKayle
    $2000 15
(McKayle: What is fat?)

glycogen

McKayle
Triple Stumper
    $2000 28
Messina

Triple Stumper
    $2000 5
(Thomas) Hobbes

Zach
    $2000 25
strategic arms limitation talks

Zach

Scores at the end of the Double Jeopardy! Round:

Zach Paris McKayle
$13,600 $3,400 $9,600

[wagering suggestions for these scores]

Final Jeopardy! Round responses

1950s FICTION
(Alex: [To Paris] By Ayn Rand.)
ParisWhat is Atlas Shrugged?
$3,400
McKayleWhat is the Feminine Mystique?
$9,600
ZachWhat is Atlas Shrugged?
$5,601
Atlas Shrugged

Final scores:

Zach Paris McKayle
$19,201 $6,800 $0
2-day champion: $48,201 2nd place: $2,000 3rd place: $1,000

Game dynamics:

Coryat scores:

Zach Paris McKayle
$13,600 $5,000 $11,600
20 R,
3 W
12 R
(including 1 DD),
5 W
(including 1 DD)
17 R,
3 W
(including 1 DD)

Combined Coryat: $30,200

[game clues] [game scores] [suggest correction]

Game tape date: 2017-12-12
The J! Archive is created by fans, for fans. Scraping, republication, monetization, and malicious use prohibited; this site may use cookies and collect identifying information. See terms. The Jeopardy! game show and all elements thereof, including but not limited to copyright and trademark thereto, are the property of Jeopardy Productions, Inc. and are protected under law. This website is not affiliated with, sponsored by, or operated by Jeopardy Productions, Inc. Join the discussion at JBoard.tv.